000
nam a22 7a 4500
999
_c
232547
_d
232547
003
ASAB
005
20170220162130.0
008
170220b xxu||||| |||| 00| 0 eng d
040
_c
ASAB
082
_a
660.6 WAZ
245
_a
Biotechnology laboratory Manual
_c
Waza
942
_2
ddc
_c
BK